000 00711nam a2200229Ia 4500
003 OSt
005 20220926005257.0
006 a|||||r|||| 00| 0
007 ta
008 220923b |||||||| |||| 00| 0 eng d
037 _cGeneral Book
040 _aRTL
_cRTL
_beng
041 _2eng
_aeng
082 _aY.2.N79<--N69, M5
110 _aIndian Council of Social Science Research
_991181
245 0 _aSurvey of research in sociology and social anthrop
260 _a New Delhi
_bSatvahan Publications
_c1985
300 _a264p; 344p
_ccm.
700 _aIndian Council of Social Science Research
_991182
942 _hY.2.N79<--N69, M5
_cGB
_2CC
999 _c613399
_d613399